| 000 | 00638nam a2200229Ia 4500 | ||
|---|---|---|---|
| 999 |
_c61279 _d61279 |
||
| 003 | 0100 | ||
| 005 | 20170727150133.0 | ||
| 008 | 130303s9999 xx 000 0 und d | ||
| 040 | _cARRUPELIB | ||
| 050 | _aB818.D35 | ||
| 100 |
_aDeeley, John N. _933772 |
||
| 245 | 4 | _aThe problem of evolution | |
| 245 | _ba study of the philosophical repercussions of evolutionary science | ||
| 260 |
_bAppleton-Century-Crofts _aNew York _c1945 |
||
| 300 | _a470p. | ||
| 300 | _b 23cm | ||
| 440 |
_aContemporary problems in philosophy _933773 |
||
| 650 |
_aEvolution-Addresses _933774 |
||
| 700 |
_aNogar, Raymond J. _933775 |
||
| 942 |
_2lcc _02 _cMONOGRAPH |
||